| 000 | 00000nam##2200000za#4500 |
| 001 | 9.600966 |
| 003 | CaOODSP |
| 005 | 20210624205836 |
| 007 | cr ||||||||||| |
| 008 | 150406|2003||||xxc|||||o f|0| 0 fre|d |
| 040 | |aCaOODSP|bfre |
| 043 | |an-cn--- |
| 086 | 1 |aNH18-1-3/1-2003F-PDF |
| 110 | 2 |aSociété canadienne d'hypothèques et de logement. |
| 245 | 10|aNeutralisation du potentiel de gonflement des remblais de fondation par des injections de coulis spéciaux : |h[ressource électronique]|brapport final / |cpar Achour Bellaloui, Gérard Ballivy, Patrice Rivard. |
| 260 | |aOttawa - Ontario : |bSociété canadienne d'hypothèques et de logement |cMai 2003. |
| 300 | |a43p.|bfigures, graphiques, tableaux, photographies |
| 490 | 1 |aRapport de recherche. Série sur les technologies du bâtiment |
| 504 | |aBibliographie. |
| 546 | |a(Executive summary in English.) |
| 590 | |a11-27-Supp|b2011-11-15 |
| 720 | 1 |aBallivy, Gérard |
| 720 | 1 |aRivard, Patrice |
| 720 | 1 |aBellaloui, Achour |
| 830 | #0|aRapport de recherche. Série sur les technologies du bâtiment.|w(CaOODSP)9.502704 |
| 856 | 40|ahttp://publications.gc.ca|qPDF|s917 Ko|uhttps://publications.gc.ca/collections/collection_2011/schl-cmhc/nh18-1-3/NH18-1-3-1-2003-fra.pdf |